<?xml version="1.0" encoding="UTF-8"?>
<record
    xmlns:xsi="http://www.w3.org/2001/XMLSchema-instance"
    xsi:schemaLocation="http://www.loc.gov/MARC21/slim http://www.loc.gov/standards/marcxml/schema/MARC21slim.xsd"
    xmlns="http://www.loc.gov/MARC21/slim">

  <leader>00500nam a22001577a 4500</leader>
  <controlfield tag="003">OSt</controlfield>
  <controlfield tag="005">20151117150419.0</controlfield>
  <controlfield tag="008">151117b        xxu||||| |||| 00| 0 eng d</controlfield>
  <datafield tag="040" ind1=" " ind2=" ">
    <subfield code="c">RUA </subfield>
  </datafield>
  <datafield tag="082" ind1=" " ind2=" ">
    <subfield code="a">FIS &#x1787;&#x17B6; 1992 B146 Or.1</subfield>
  </datafield>
  <datafield tag="100" ind1=" " ind2=" ">
    <subfield code="9">3803</subfield>
    <subfield code="a">&#x1787;&#x17B6; &#x179C;&#x178E;&#x17D2;&#x178E;&#x17B6;&#x179A;&#x17C9;&#x17C1;&#x1793;</subfield>
  </datafield>
  <datafield tag="245" ind1=" " ind2=" ">
    <subfield code="a">Inundated forest in kratie province,&#x1796;&#x17D2;&#x179A;&#x17C3;&#x179B;&#x17B7;&#x1791;&#x17B9;&#x1780;&#x1780;&#x17D2;&#x1793;&#x17BB;&#x1784;&#x1781;&#x17C1;&#x178F;&#x17D2;&#x178F;&#x1780;&#x17D2;&#x179A;&#x1785;&#x17C1;&#x17C7;.</subfield>
  </datafield>
  <datafield tag="260" ind1=" " ind2=" ">
    <subfield code="a">Phnom Penh </subfield>
    <subfield code="b">RUA </subfield>
    <subfield code="c">1992</subfield>
  </datafield>
  <datafield tag="300" ind1=" " ind2=" ">
    <subfield code="a">120p.</subfield>
    <subfield code="b">ill.</subfield>
    <subfield code="c">29cm.</subfield>
  </datafield>
  <datafield tag="942" ind1=" " ind2=" ">
    <subfield code="2">ddc</subfield>
    <subfield code="c">FIS</subfield>
  </datafield>
  <datafield tag="999" ind1=" " ind2=" ">
    <subfield code="c">3537</subfield>
    <subfield code="d">3537</subfield>
  </datafield>
  <datafield tag="952" ind1=" " ind2=" ">
    <subfield code="0">0</subfield>
    <subfield code="1">0</subfield>
    <subfield code="2">ddc</subfield>
    <subfield code="4">0</subfield>
    <subfield code="6">FIS_&#x1787;&#x17B6;_1992_000000000000000_B146_OR_1</subfield>
    <subfield code="7">0</subfield>
    <subfield code="9">16975</subfield>
    <subfield code="a">LBB</subfield>
    <subfield code="b">LBB</subfield>
    <subfield code="c">B146</subfield>
    <subfield code="d">2015-11-17</subfield>
    <subfield code="o">FIS &#x1787;&#x17B6; 1992 B146 Or.1</subfield>
    <subfield code="p">RUA036693</subfield>
    <subfield code="r">2015-11-17</subfield>
    <subfield code="w">2015-11-17</subfield>
    <subfield code="y">FIS</subfield>
  </datafield>
  <datafield tag="952" ind1=" " ind2=" ">
    <subfield code="0">0</subfield>
    <subfield code="1">0</subfield>
    <subfield code="2">ddc</subfield>
    <subfield code="4">0</subfield>
    <subfield code="6">FIS_&#x1787;&#x17B6;_1992_000000000000000_B146_OR_2</subfield>
    <subfield code="7">0</subfield>
    <subfield code="9">16976</subfield>
    <subfield code="a">LBB</subfield>
    <subfield code="b">LBB</subfield>
    <subfield code="c">B146</subfield>
    <subfield code="d">2015-11-17</subfield>
    <subfield code="o">FIS &#x1787;&#x17B6; 1992 B146 Or.2</subfield>
    <subfield code="p">RUA020896</subfield>
    <subfield code="r">2015-11-17</subfield>
    <subfield code="w">2015-11-17</subfield>
    <subfield code="y">FIS</subfield>
  </datafield>
  <datafield tag="952" ind1=" " ind2=" ">
    <subfield code="0">0</subfield>
    <subfield code="1">0</subfield>
    <subfield code="2">ddc</subfield>
    <subfield code="4">0</subfield>
    <subfield code="6">FIS_&#x1787;&#x17B6;_1992_000000000000000_B146_OR_3</subfield>
    <subfield code="7">0</subfield>
    <subfield code="9">16977</subfield>
    <subfield code="a">LBB</subfield>
    <subfield code="b">LBB</subfield>
    <subfield code="c">B146</subfield>
    <subfield code="d">2015-11-17</subfield>
    <subfield code="o">FIS &#x1787;&#x17B6; 1992 B146 Or.3</subfield>
    <subfield code="p">RUA020994</subfield>
    <subfield code="r">2015-11-17</subfield>
    <subfield code="w">2015-11-17</subfield>
    <subfield code="y">FIS</subfield>
  </datafield>
  <datafield tag="952" ind1=" " ind2=" ">
    <subfield code="0">0</subfield>
    <subfield code="1">0</subfield>
    <subfield code="2">ddc</subfield>
    <subfield code="4">0</subfield>
    <subfield code="6">FIS_&#x1787;&#x17B6;_1992_000000000000000_B146_OR_4</subfield>
    <subfield code="7">0</subfield>
    <subfield code="9">16978</subfield>
    <subfield code="a">LBB</subfield>
    <subfield code="b">LBB</subfield>
    <subfield code="c">B146</subfield>
    <subfield code="d">2015-11-17</subfield>
    <subfield code="o">FIS &#x1787;&#x17B6; 1992 B146 Or.4</subfield>
    <subfield code="p">RUA020922</subfield>
    <subfield code="r">2015-11-17</subfield>
    <subfield code="w">2015-11-17</subfield>
    <subfield code="y">FIS</subfield>
  </datafield>
  <datafield tag="952" ind1=" " ind2=" ">
    <subfield code="0">0</subfield>
    <subfield code="1">0</subfield>
    <subfield code="2">ddc</subfield>
    <subfield code="4">0</subfield>
    <subfield code="6">FIS_&#x1787;&#x17B6;_1992_000000000000000_B146_OR_5</subfield>
    <subfield code="7">0</subfield>
    <subfield code="9">16979</subfield>
    <subfield code="a">LBB</subfield>
    <subfield code="b">LBB</subfield>
    <subfield code="c">B146</subfield>
    <subfield code="d">2015-11-17</subfield>
    <subfield code="o">FIS &#x1787;&#x17B6; 1992 B146 Or.5</subfield>
    <subfield code="p">RUA020850</subfield>
    <subfield code="r">2015-11-17</subfield>
    <subfield code="w">2015-11-17</subfield>
    <subfield code="y">FIS</subfield>
  </datafield>
  <datafield tag="952" ind1=" " ind2=" ">
    <subfield code="0">0</subfield>
    <subfield code="1">0</subfield>
    <subfield code="2">ddc</subfield>
    <subfield code="4">0</subfield>
    <subfield code="6">FIS_&#x1787;&#x17B6;_1992_000000000000000_B146_OR_6</subfield>
    <subfield code="7">0</subfield>
    <subfield code="9">16980</subfield>
    <subfield code="a">LBB</subfield>
    <subfield code="b">LBB</subfield>
    <subfield code="c">B146</subfield>
    <subfield code="d">2015-11-17</subfield>
    <subfield code="o">FIS &#x1787;&#x17B6; 1992 B146 Or.6</subfield>
    <subfield code="p">RUA020778</subfield>
    <subfield code="r">2015-11-17</subfield>
    <subfield code="w">2015-11-17</subfield>
    <subfield code="y">FIS</subfield>
  </datafield>
  <datafield tag="952" ind1=" " ind2=" ">
    <subfield code="0">0</subfield>
    <subfield code="1">0</subfield>
    <subfield code="2">ddc</subfield>
    <subfield code="4">0</subfield>
    <subfield code="6">FIS_&#x1787;&#x17B6;_1992_000000000000000_B146_OR_7</subfield>
    <subfield code="7">0</subfield>
    <subfield code="9">16981</subfield>
    <subfield code="a">LBB</subfield>
    <subfield code="b">LBB</subfield>
    <subfield code="c">B146</subfield>
    <subfield code="d">2015-11-17</subfield>
    <subfield code="o">FIS &#x1787;&#x17B6; 1992 B146 Or.7</subfield>
    <subfield code="p">RUA020984</subfield>
    <subfield code="r">2015-11-17</subfield>
    <subfield code="w">2015-11-17</subfield>
    <subfield code="y">FIS</subfield>
  </datafield>
  <datafield tag="952" ind1=" " ind2=" ">
    <subfield code="0">0</subfield>
    <subfield code="1">0</subfield>
    <subfield code="2">ddc</subfield>
    <subfield code="4">0</subfield>
    <subfield code="6">FIS_&#x1787;&#x17B6;_1992_000000000000000_B146_OR_8</subfield>
    <subfield code="7">0</subfield>
    <subfield code="9">16982</subfield>
    <subfield code="a">LBB</subfield>
    <subfield code="b">LBB</subfield>
    <subfield code="c">B146</subfield>
    <subfield code="d">2015-11-17</subfield>
    <subfield code="o">FIS &#x1787;&#x17B6; 1992 B146 Or.8</subfield>
    <subfield code="p">RUA021066</subfield>
    <subfield code="r">2015-11-17</subfield>
    <subfield code="w">2015-11-17</subfield>
    <subfield code="y">FIS</subfield>
  </datafield>
</record>
